| 000 | 00516nam a22002177a 4500 | ||
|---|---|---|---|
| 999 |
_c3952 _d3952 |
||
| 003 | Nust | ||
| 005 | 20170105101616.0 | ||
| 008 | 161129b xxu||||| |||| 00| 0 eng d | ||
| 020 | _a978-0786890934 | ||
| 020 | _a0786890932 | ||
| 040 | _cNust | ||
| 041 | _heng | ||
| 082 |
_a823 _bAHE |
||
| 100 | _aCecelia Ahern | ||
| 245 |
_aPS, I love You: _beveryone needs a guardian angel |
||
| 260 |
_aLondon; _bHarper, _c2005. |
||
| 300 | _a375p. | ||
| 650 | _aNovel | ||
| 650 | _aEnglish-Literature | ||
| 942 |
_2ddc _cBK |
||